LEADER 04029nam 2200733 a 450 001 9910960964503321 005 20251116140437.0 010 $a9786612081064 010 $a9780309176903 010 $a0309176905 010 $a9781282081062 010 $a1282081063 010 $a9780309521635 010 $a0309521637 010 $a9780585149301 010 $a0585149305 035 $a(CKB)110986584751280 035 $a(EBL)3375732 035 $a(SSID)ssj0000156428 035 $a(PQKBManifestationID)11159514 035 $a(PQKBTitleCode)TC0000156428 035 $a(PQKBWorkID)10124304 035 $a(PQKB)11211114 035 $a(MiAaPQ)EBC3375732 035 $a(Au-PeEL)EBL3375732 035 $a(CaPaEBR)ebr10041152 035 $a(OCoLC)923258418 035 $a(Perlego)4734387 035 $a(BIP)581576 035 $a(EXLCZ)99110986584751280 100 $a19950726d1995 uy 0 101 0 $aeng 135 $aurcn||||||||| 181 $ctxt$2rdacontent 182 $cc$2rdamedia 183 $acr$2rdacarrier 200 10$aFollowing the money $eU.S. finance in the world economy /$fAnne Y. Kester and Panel on International Capital Transactions, Committee on National Statistics, Commission on Behavioral and Social Sciences and Education, National Research Council 205 $a1st ed. 210 $aWashington, D.C. $cNational Academy Press$d1995 215 $a1 online resource (224 pages) 311 0 $a9780309048835 311 0 $a0309048834 320 $aIncludes bibliographical references (p. 186-198) and index. 327 $a""Front Matter""; ""Contents""; ""Preface""; ""1 Summary""; ""2 Globalization of Financial Markets""; ""3 Current U.S. Data Systems""; ""4 Capital Account Data: Gaps and Needs""; ""5 Financial Derivatives: Data Gaps and Needs""; ""6 Alternative Data Sources and Collection Methods""; ""Appendix A Monitoring Capital Transactions in the United Kingdom, Germany, and Japan""; ""Appendix B Views of Data Compilers, Filers, and Users""; ""References and Bibliography""; ""Biographical Sketches of Panel Members and Staff""; ""Index"" 330 $aMany questions have been raised about America's status in the increasingly interconnected global economy. Yet key facts--such as the amount of foreign assets abroad owned by U.S. citizens--are not known. The crucial data needed to assess the U.S. position are unavailable. This volume explores significant shortcomings in U.S. data on international capital transactions and their implications for policymakers. The volume offers clearcut recommendations for U.S. agencies to bring data collection and analyses of the global economy into the twenty-first century. The volume explores How factors emerging since the early 1980s have shaped world financial markets and revealed shortcomings in data collection and analysis. How the existing U.S. data system works and where it fails how measurements of international financial transactions are recorded; and how swaps, options, and futures present special reporting problems. How alternative methods, such as collecting data, from sources such as global custodians and international clearinghouses, might improve coverage and accuracy. 517 3 $aU.S. finance in the world economy 517 3 $aUS finance in the world economy 517 3 $aUnited States finance in the world economy 606 $aFinancial services industry$zUnited States 606 $aCapital movements$xData processing 606 $aAutomatic data collection systems 615 0$aFinancial services industry 615 0$aCapital movements$xData processing. 615 0$aAutomatic data collection systems. 676 $a332.1/0973 700 $aKester$b Anne Y$01804260 712 02$aNational Research Council (U.S.).$bPanel on International Capital Transactions. 801 0$bMiAaPQ 801 1$bMiAaPQ 801 2$bMiAaPQ 906 $aBOOK 912 $a9910960964503321 996 $aFollowing the money$94352185 997 $aUNINA